000 00479nam a2200157 4500
999 _c4956
_d4956
008 160930b xxu||||| |||| 00| 0 eng d
022 _a16565649
082 _aDPer 303.405 H22 May-Sept 2015 n. 6-10
100 _915585
_aChan, Zachary
245 _aPrint anything/
_cZachary Chan.
260 _aQuezon City:
_bHardware Zone Phils. Corp., .
_c©2015.
300 _av11 n9, pages 14-15;
_c30 cm.
500 _aHWM Philippines
650 0 _915586
_aPrinting
942 _2ddc
_cPER